000 00487nam a22001932 4500
001 0000003106
005 20170406114744.0
008 140507s xx 000 0 eng d
020 _c$
040 _aYour Holding Symbol
_cYour Holding Symbol
100 1 _aHirst P.H.
245 1 4 _aThe logic of education.
250 _a ed.
260 _aLondon :
_bRoutledge,
_c1970.
300 _a146 p. ;
_c cm.
504 _aindex.
650 0 _aeducation.
908 _a140507
999 _c2985
_d2985